000 00483nmm a2200157Ia 4500
008 251105s9999||||xx |||||||||||||||||und||
020 _a9788425228742
041 _aspa
100 _aGarcía Vázquez, Carlos
245 0 _aTeorías e historia de la ciudad contemporánea
264 _a[Madrid, España] :
_bEditorial Gustavo Gili,
_c2016
300 _a194 páginas
650 _aArchitecture & Sculpture
856 _uhttps://public.digitaliapublishing.com/a/41263
942 _cCF
999 _c80314
_d80314